000
00304nam a22001337a 4500
008
180913b xxu||||| |||| 00| 0 eng d
020
_a
9781429263955
041
_a
eng
080
_a
159.9
100
_a
49
101
_a
PSI
245
_a
Psychology In Everyday Life
_c
Myers D G
942
_2
udc
_c
BK
999
_c
47724
_d
47724